000 00446cam a22001457a 4500
008 180718b1969 xxu||||| |||| 00| 0 eng d
082 _aK23x5414 Or4
100 _aOrissa. Pay Commission
245 _aReport of the Orissa Pay Commission
_cby Finance Department
260 _aBhubaneswar
_bFinance Department
_c1969
300 _a-v-
500 _aLibrary has v.1. 781+p.
700 _aOrissa. Finance Department
700 _aDas, B.C. (Chairman)
999 _c489346
_d489346